| 000 | 01436cam a22003737a 4500 | ||
|---|---|---|---|
| 003 | CHAP | ||
| 005 | 20220329135007.0 | ||
| 008 | 971013s1960 r 00010 d | ||
| 010 | _a29216 | ||
| 011 | _a30188 | ||
| 035 | _a34300 | ||
| 040 | _cCHAP | ||
| 082 |
_a301.35 _bL46 |
||
| 100 | 0 | 0 |
_aLeonard, Olen E. _966062 |
| 245 | 1 | 3 | _aLa sociología rural para los programas de acción |
| 260 |
_aLa habana : _bInstituto Interamericano de Ciencias Agrícolas, _c1960 |
||
| 300 | _a174 p. | ||
| 590 |
_aBATCH-UPD _b10 _c20130110 _lUCH01 _h0109 |
||
| 590 |
_aBATCH-UPD _b10 _c20130110 _lUCH01 _h1252 |
||
| 590 |
_aBATCH-UPD _b10 _c20130410 _lUCH01 _h0814 |
||
| 590 |
_aBATCH-UPD _b10 _c20130914 _lUCH01 _h0948 |
||
| 590 |
_aCONVERSION _b10 _c20130109 _lUCH01 _h1317 |
||
| 650 | 1 | 4 |
_aSociología rural. _9108215 |
| 700 | 0 |
_aClifford, Roy A. _923807 |
|
| 901 | _aBK | ||
| 942 | _cLIBRO | ||
| 949 |
_a301.35 L46 _bBC _cLIBRO _d33724000294062 _eLIBRO _h722 _i34300 _si |
||
| 949 |
_a301.35 L46 _bBC _cLIBRO _d33724000294070 _eLIBRO _fc.8 _h729 _i34300 _si |
||
| 949 |
_a301.35 L46 _bBC _cLIBRO _d33724000294096 _eLIBRO _fc.4 _h725 _i34300 _si |
||
| 949 |
_a301.35 L46 _bBC _cLIBRO _d33724000294104 _eLIBRO _fc.3 _h724 _i34300 _si |
||
| 949 |
_a301.35 L46 _bBC _cLIBRO _d33724000294112 _eLIBRO _fc.6 _h727 _i34300 _si |
||
| 949 |
_a301.35 L46 _bBC _cLIBRO _d33724000294120 _eLIBRO _fc.10 _h731 _i34300 _si |
||
| 949 |
_a301.35 L46 _bBC _cLIBRO _d33724000755476 _eLIBRO _fc.9 _h730 _i34300 _si |
||
| 999 |
_c29216 _d29216 |
||